Building materials and the environment (Record no. 110877)

MARC details
000 -LEADER
fixed length control field 00999cad a22002055a 4500
001 - CONTROL NUMBER
control field E150454
008 - FIXED-LENGTH DATA ELEMENTS--GENERAL INFORMATION
fixed length control field 100715s2010 xxk f 000 0 eng d
035 ## - SYSTEM CONTROL NUMBER
System control number (Sirsi) u150454
041 0# - LANGUAGE CODE
Language code of text/sound track or separate title eng
100 1# - MAIN ENTRY--PERSONAL NAME
Personal name Denison, Joanne
245 00 - TITLE STATEMENT
Title Building materials and the environment
Medium [electronic resource]
260 ## - PUBLICATION, DISTRIBUTION, ETC.
Place of publication, distribution, etc. Leicester
Name of publisher, distributor, etc. Stephen Geoge and Partners LLP
Date of publication, distribution, etc. 2010
520 ## - SUMMARY, ETC.
Summary, etc. Looks at the environmental implications of using various building materials. Includes an overview of sustainable construction; details of materials used in construction products and the environmental impact of their production, use and disposal; and data sheets for various materials and elements.
590 ## - LOCAL NOTE (RLIN)
Local note KA
651 #4 - SUBJECT ADDED ENTRY--GEOGRAPHIC NAME
Geographic name United Kingdom
Chronological subdivision
690 ## - LOCAL SUBJECT ADDED ENTRY--TOPICAL TERM (OCLC, RLIN)
Topical term or geographic name as entry element BUILT ENVIRONMENT-SUSTAINABLE CONSTRUCTION
700 1# - ADDED ENTRY--PERSONAL NAME
Personal name Halligan, Chris
856 40 - ELECTRONIC LOCATION AND ACCESS
Uniform Resource Identifier <a href="https://www.stephengeorge.co.uk/Building_Materials_&_the_Environment-1st_Ed-Web.pdf">https://www.stephengeorge.co.uk/Building_Materials_&_the_Environment-1st_Ed-Web.pdf</a>
Public note View the item free of charge (PDF file) at www.stephengeorge.co.uk
942 ## - ADDED ENTRY ELEMENTS (KOHA)
Suppress in OPAC 0
Holdings
Withdrawn status Lost status Source of classification or shelving scheme Damaged status Not for loan Home library Current library Shelving location Date acquired Total Checkouts Full call number Barcode Date last seen Copy number Price effective from Koha item type
    Dewey Decimal Classification     Virtual Virtual Online 15/07/2010   ONLINE PUBLICATION 150454-2001 06/08/2019 1 06/08/2019 Book